| 000 | 00832nam a22002417a 4500 | ||
|---|---|---|---|
| 001 | 3749 | ||
| 003 | FISKH | ||
| 005 | 20240429104139.0 | ||
| 008 | 240429b cb ||||| |||| 00| 0 eng d | ||
| 040 |
_aFISK _beng _cFISK _dFISK |
||
| 050 | _aDS134.R67 | ||
| 082 | _a940.5318092 | ||
| 100 |
_aKaufman Rein Lola _d1934- |
||
| 245 |
_aThe hidden girl / _bA True Story of the Holocaust, _cLola Rein Kaufman |
||
| 260 |
_aNew York : _bScholastic, _c2010 |
||
| 300 |
_a97 pages : _c20 cm |
||
| 505 | _aM | ||
| 520 | _aAfter deciding to donate the dress her mother had made for her to a museum, Lola Rein Kaufman, survivor of the Nazi Holocaust, decides that it is finally time to speak publicly about her experiences. | ||
| 521 | 8 |
_a750 _bLexiles |
|
| 700 | _aLola Rein Kaufman | ||
| 942 |
_2lcc _cBK _n0 |
||
| 999 |
_c3749 _d3749 |
||